Gracie Abrams - Chansons de l'album Good Riddance - Statistiques

Statistiques générales
  • Ce quiz a été pris 46 fois
  • Le résultat moyen est 13 sur 16
Statistiques - réponses
Pistes Chansons % Correct
1 Best
87%
9 This Is What the Drugs Are For
87%
15 405
84%
7 Amelie
84%
8 Difficult
84%
4 Where Do We Go Now?
84%
2 I Know It Won't Work
81%
16 Two People
81%
14 Unsteady
81%
3 Full Machine
77%
12 Right Now
77%
11 The Blue
77%
13 Block Me Out
74%
6 Will You Cry?
74%
5 I Should Hate You
71%
10 Fault Line
68%
Aucun quiz correspondant
Distribution des résultats
% des personnes avec chaque résultat
Percentile par nombre de réponses
Votre historique - résultats
Vous n’avez pas pris ce quiz